000 00946nam a2200253 4500
001 1323902
005 19701208000000.0
008 701013s1970 enka b 001 0 eng
020 _a0333046706
040 _aDLC
_cDLC
_dDLC
082 0 0 _a355.02108
_222
_bGAR
100 1 _aGarnett, John C.,
_ecomp.
_930866
245 1 0 _aTheories of Peace and Security:
_ba Reader in Contemporary Strategic Thought;
_cedited by John Garnett.
260 _aLondon,
_bMacmillan;
_aNew York,
_bSt. Martin's P.,
_c1970.
300 _a272 p.
_billus.
_c23 cm.
490 0 _aReadings in international politics
_930867
504 _aBibliography: p. 262-265.
541 _aDonation
650 0 _aMilitary policy.
_930868
650 0 _aInternational relations.
_930869
653 _bPol
_cAugust2012
942 _2ddc
_cBB
999 _c16956
_d16956